Monitorovanie včelích úľov pomocou Internetu vecí

Uložené v:
Podrobná bibliografia
Hlavný autor: Grík, Adam (Autor)
Ďalší autori: Kováčik, Tomáš (Vedúci práce)
Médium: Rukopis Kniha
Jazyk:Slovak
Vydavateľské údaje: 2024
Predmet:
On-line prístup:http://is.stuba.sk/zp/portal_zp.pl?podrobnosti=162641
Tagy: Pridať tag
Žiadne tagy, Buďte prvý, kto otaguje tento záznam!

MARC

LEADER 00000ntm a22000003a 4500
001 stuzp96999
003 SK-STU
005 20240615210613.5
007 ta
008 150427s2015----xo-----f-mn---000-0-slo-d
040 |a STU  |b slo 
041 0 |a slo 
100 1 |a Grík, Adam  |u 070400  |4 aut  |U FIIT Fakulta informatiky a informačných technológií  |T FIIT Ústav počítačového inžinierstva a aplikovanej informatiky  |X 110790  |U I400  |Y 672  |7 110790 
242 0 1 |a Monitoring bee hives using the Internet of Things  |y eng 
245 1 0 |a Monitorovanie včelích úľov pomocou Internetu vecí 
260 |c 2024 
650 4 |a Arduino  |2 slo 
650 4 |a Java  |2 slo 
650 4 |a Internet vecí  |2 slo 
650 4 |a IoT platforma  |2 slo 
650 4 |a webová stránka  |2 slo 
650 4 |a web application  |2 eng 
650 4 |a IoT platform  |2 eng 
650 4 |a Java  |2 eng 
650 4 |a Internet of Things  |2 eng 
650 4 |a Arduino  |2 eng 
700 1 |a Kováčik, Tomáš  |u 070100  |k Z8  |4 ths  |U FIIT Fakulta informatiky a informačných technológií  |T FIIT Ústav počítačových systémov a sietí  |X 11781  |U I100  |Y 178  |7 11781 
856 4 |u http://is.stuba.sk/zp/portal_zp.pl?podrobnosti=162641